000 00444nam a2200145Ia 4500
008 230917s9999||||xx |||||||||||||| ||und||
040 _e162236
_aMAIN
041 _aEnglish
082 _a891.433721 CS455S
100 _aचोपड़ा, सुदर्शन
245 0 _aसड़क-दुर्घटना
260 _aइलाहाबाद
_bनीलाभ प्रकाशन
_c1972
300 _a165पृ. p.
942 _cHN
999 _c104510
_d104510